Подробности
| 000 -МАРКЕР |
| контрольное поле |
01594nam0a2200325 4500 |
| 001 - ИДЕНТИФИКАТОР ЗАПИСИ |
| контрольное поле |
RU\NLR\bibl\790458 |
| 005 - ИДЕНТИФИКАТОР ВЕРСИИ |
| контрольное поле |
20250614122336.0 |
| 010 ## - МЕЖДУНАРОДНЫЙ СТАНДАРТНЫЙ НОМЕР КНИГИ (ISBN) |
| Номер (ISBN) |
5-7736-031-5 |
| 021 ## - НОМЕР ГОСУДАРСТВЕННОЙ РЕГИСТРАЦИИ |
| Код страны |
Российская Федерация |
| Номер |
2004-36035 |
| Номер Листа государственной регистраци |
1806 |
| 035 ## - ДРУГИЕ СИСТЕМНЫЕ НОМЕРА |
| Идентификатор записи |
(NLR Aleph) 000779703 |
| 100 ## - ДАННЫЕ ОБЩЕЙ ОБРАБОТКИ |
| Данные общей обработки |
20050420d2002 |||y0rusy50 ca |
| 101 0# - ЯЗЫК РЕСУРСА |
| Язык текста, звукозаписи и т.д. |
украинский |
| 102 ## - СТРАНА ПУБЛИКАЦИИ ИЛИ ПРОИЗВОДСТВА |
| Страна публикации |
Украина |
| -- |
Российская Федерация |
| 105 ## - ПОЛЕ КОДИРОВАННЫХ ДАННЫХ: ТЕКСТОВЫЕ МАТЕРИАЛЫ, МОНОГРАФИЧЕСКИЕ |
| Кодированные данные о монографическом текстовом документе |
a ||||||||| |
| 200 1# - ЗАГЛАВИЕ И СВЕДЕНИЯ ОБ ОТВЕТСТВЕННОСТИ |
| Основное заглавие |
Ветеринарна санiтарiя i гiгiєна в рибництвi |
| Сведения, относящиеся к заглавию |
навчальний посiбник |
| -- |
для студентiв вищих навчальних закладiв III-IV рiвнiв акредитацiï з спецiальностi 7.130501 "Ветеринарна медицина" |
| Первые сведения об ответственности |
К.В. Секретарюк, М.М. Данко, В.В. Стибель |
| Последующие сведения об ответственности |
М-во аграр. полiтики Украïни, Львiв. держ. акад. вет. медицины iм. С.З. Гжицького |
| 210 ## - ПУБЛИКАЦИЯ, РАСПРОСТРАНЕНИЕ И ДР. |
| Место издания, распространения и т.д. |
Львiв |
| Имя издателя, распространителя и т. д. |
[б.и.] |
| Место издания, распространения и т.д. |
Москва |
| Имя издателя, распространителя и т. д. |
Универсум Паблишинг |
| Дата издания, распространения и т.д. |
2002 |
| 215 ## - ФИЗИЧЕСКАЯ ХАРАКТЕРИСТИКА |
| Специфическое обозначение материала и объем |
177 с. |
| Другие сведения о физической характеристике |
ил. |
| Размеры |
20 |
| 606 1# - НАИМЕНОВАНИЕ ТЕМЫ КАК ПРЕДМЕТ |
| Наименование темы |
Рыбоводство |
| Тематический подзаголовок |
Ветеринарно-санитарные правила |
| Системный номер авторитетной/нормативной записи |
1263889 |
| Идентификатор авторитетной/нормативной записи |
RU\NLR\auth\66201691 |
| 606 1# - НАИМЕНОВАНИЕ ТЕМЫ КАК ПРЕДМЕТ |
| Наименование темы |
Рыбоводство |
| Тематический подзаголовок |
Гигиена труда |
| Системный номер авторитетной/нормативной записи |
1599201 |
| Идентификатор авторитетной/нормативной записи |
RU\NLR\auth\66703753 |
| 686 ## - ИНДЕКСЫ ДРУГИХ КЛАССИФИКАЦИЙ |
| Индекс |
Р124.547 |
| 686 ## - ИНДЕКСЫ ДРУГИХ КЛАССИФИКАЦИЙ |
| Индекс |
П817.25 |
| 700 #1 - ИМЯ ЛИЦА - ПЕРВИЧНАЯ ОТВЕТСТВЕННОСТЬ |
| Начальный элемент ввода |
Секретарюк |
| Часть имени, кроме начального элемента ввода |
К. В. |
| Расширение инициалов личного имени |
Кiм Васильович |
| Код отношения |
Автор |
| 701 #1 - ИМЯ ЛИЦА - АЛЬТЕРНАТИВНАЯ ОТВЕТСТВЕННОСТЬ |
| Начальный элемент ввода |
Данко |
| Часть имени, кроме начального элемента ввода |
М. М. |
| Код отношения |
Автор |
| 701 #1 - ИМЯ ЛИЦА - АЛЬТЕРНАТИВНАЯ ОТВЕТСТВЕННОСТЬ |
| Начальный элемент ввода |
Стибель |
| Часть имени, кроме начального элемента ввода |
В. В. |
| Код отношения |
Автор |
| 801 #0 - ИСТОЧНИК ЗАПИСИ |
| Страна |
Российская Федерация |
| Организация |
NLR |
| Дата составления |
20050420 |
| Правила каталогизации |
PSBO |
| 801 #1 - ИСТОЧНИК ЗАПИСИ |
| Страна |
Российская Федерация |
| Организация |
NLR |
| Дата составления |
20050420 |
| 942 ## - ДОПОЛНИТЕЛЬНЫЕ ЭЛЕМЕНТЫ ЗАПИСИ (АБИС) |
| Тип экземпляра АБИС |
Книга |
| 980 ## - КОЛЛЕКЦИЯ |
| Название коллекции |
Национальная библиография |